| 000 | 00674nam a2200229 a 4500 | ||
|---|---|---|---|
| 999 |
_c2701 _d2701 |
||
| 001 | 2701 | ||
| 003 | BD-JhCC | ||
| 005 | 20171106095636.0 | ||
| 008 | 171106s19701981bg | ||| ||a| 000 0 ben d | ||
| 035 | _a(BD-JhCC)2701 | ||
| 040 |
_aBD-JhCC _dBD-JhCC |
||
| 041 | _aben | ||
| 082 |
_a823.92 _bLON 1981 |
||
| 100 | _aলণ্ডন, জ্যাক | ||
| 245 |
_aসমুদ্রের স্বাদ / _cজ্যাক লণ্ডন, |
||
| 260 |
_aঢাকা : _bজাতীয় মুদ্রণ, _c1981 |
||
| 300 |
_a348 p. : _c24 cm. |
||
| 650 | _aFiction | ||
| 700 | _aচৌধুরী, কবীর (অনু) | ||
| 942 |
_2ddc _cBK |
||